000 00656nmc a2200265 a 4500
003 AR-BaBNM
005 20251128202925.0
008 266019s1969 ||||||||||||||000 | spa||
040 _cAR-BaBNM
100 1 _aMartínez Zuviría, Gustavo
_cGeneral
245 1 0 _aLos tiempos de Mariano Necochea
250 _a2ª ed.
260 _aBuenos Aires
_bEudeba
_c1969
300 0 _a571 p.
490 0 _aArgentina
650 4 _aHISTORIA ARGENTINA
650 4 _aBIOGRAFIAS
650 4 _aGUERRAS DE LA INDEPENDENCIA
650 4 _aCAMPANAS LIBERTADORAS
651 4 _aPerú
651 4 _aChile
655 _aBIOGRAFIAS
942 _cBK
998 _cEnrique
999 _c1186
_d1186